A. WESLEY POWELL LEARNING RESOURCE CENTRE (WPLRC)

Wonderful Place to Learn, Research & Collaborate

Plane trigonometry (Record no. 13208)

MARC details
000 -LEADER
fixed length control field nam a22 7a 4500
001 - ACCESSION NUMBER
control field 41867
003 - CONTROL NUMBER IDENTIFIER
control field OSt
005 - DATE AND TIME OF LATEST TRANSACTION
control field 20190423140352.0
008 - FIXED-LENGTH DATA ELEMENTS--GENERAL INFORMATION
fixed length control field 190423b xxu||||| |||| 00| 0 eng d
020 ## - INTERNATIONAL STANDARD BOOK NUMBER
International Standard Book Number 9780070281875
040 ## - CATALOGING SOURCE
Original cataloging agency DDC
Transcribing agency DDC
082 ## - DEWEY DECIMAL CLASSIFICATION NUMBER
Classification number 516.242/ HEI
100 ## - MAIN ENTRY--PERSONAL NAME
Relator code HEINEMAN, RICHARD E.
245 ## - TITLE STATEMENT
Title Plane trigonometry
250 ## - EDITION STATEMENT
Edition statement 7th ed.
260 ## - PUBLICATION, DISTRIBUTION, ETC. (IMPRINT)
Place of publication, distribution, etc. New York
Name of publisher, distributor, etc. McGraw Hill
Date of publication, distribution, etc. 1993
300 ## - PHYSICAL DESCRIPTION
Extent xvii, 308.: ill.;
Dimensions 24 cm.
500 ## - GENERAL NOTE
General note includes index and tables.
700 ## - ADDED ENTRY--PERSONAL NAME
Relator code Tarwater, J. Dalton
942 ## - ADDED ENTRY ELEMENTS (KOHA)
Source of classification or shelving scheme Dewey Decimal Classification
Koha item type Circ Books
Holdings
Withdrawn status Lost status Source of classification or shelving scheme Damaged status Not for loan Home library Current library Date acquired Total Checkouts Full call number Barcode Date last seen Price effective from Koha item type
    Dewey Decimal Classification     Wesley Powell Learning Resource Centre Wesley Powell Learning Resource Centre 04/23/2019   516.242/ HEI 41867 04/23/2019 04/23/2019 Circ Books